00537nam a22002057a 450000500170000000800410001702000270005804000090008504100120009408200130010610000210011924500590014025000080019926000280020730000080023565000230024370000230026670000220028970000200031120260423154455.0260423b |||||||| |||| 00| 0 eng d a9780750645522c9007.49 aMAIN aEnglish a551bTAL aTalley, Lynne D. aDescriptive Physical Oceanography b: An Introduction  a6th aLondonbElsevier c2011 a555 aGeology (PM USHA)  aPickard, George L. aEmery, William J. aSwift, James H.